| 000 | 00745cam a22001815a 4500 | ||
|---|---|---|---|
| 001 | L156257 | ||
| 008 | 120509s1846 xxk f 000 0 eng d | ||
| 035 | _a(Sirsi) u156257 | ||
| 041 | 0 | _aeng | |
| 110 | 2 |
_aGreat Britain _bRoyal Commission on Railway Termini in the Metropolis _96063 |
|
| 245 | 0 | 0 | _aMinutes of evidence taken before the Commissioners appointed to investigate the various projects for establishing railway termini within, or in the immediate vicinity of the Metropolis with an appendix and index |
| 260 |
_a[London] _bHMSO _c1846 |
||
| 490 | 0 |
_aHouse of Commons Paper _v(750-I) |
|
| 583 | 0 |
_aCondition reviewed _c20120620 _lcondition level 4, detached boards |
|
| 651 | 4 | _aLondon | |
| 690 |
_aInfrastructure _96246 |
||
| 942 | _n0 | ||
| 999 |
_c114133 _d114133 |
||